[Event "SK Weisse Dame Hamburg-SV Ruedersdorf"]
[Site "Kiel"]
[Date "2019.09.09"]
[Round "6.1"]
[White "Buller, Ian Joshua"]
[Black "Popist, Florian"]
[Result "0-1"]
[WhiteElo "1944"]
[BlackElo "2043"]
[Annotator "Rnd./Pair./Board: 06.007.01"]
[PlyCount "92"]
[EventDate "2019.??.??"]
[WhiteTeam "SV Ruedersdorf"]
[BlackTeam "SK Weisse Dame Hamburg"]

1. e4 c5 2. Nf3 e6 3. b3 Nc6 4. Bb2 d6 5. g3 Nf6 6. Nc3 a6 7. Bg2 Qc7 8. a4 b6
9. O-O Bb7 10. Re1 Be7 11. Na2 O-O 12. d4 cxd4 13. Nxd4 Nxd4 14. Bxd4 d5 15. e5
Nd7 16. Nc1 b5 17. Nd3 Rfc8 18. c3 bxa4 19. Rxa4 Nc5 20. Ra1 a5 21. Nf4 g6 22.
Rb1 Rab8 23. Bf1 Bc6 24. b4 axb4 25. cxb4 Ba4 26. Qc1 Nb3 27. Qxc7 Rxc7 28.
Rxb3 Bxb3 29. b5 Bc5 30. Rc1 Bb6 31. Rxc7 Bxc7 32. f3 Bc4 33. Bxc4 dxc4 34. Kf2
Rxb5 35. Ne2 Bxe5 36. Bxe5 Rxe5 37. Nc3 Kg7 38. f4 Rc5 39. Ke3 Rc8 40. Kd4 h5
41. Ne4 h4 42. Kc3 hxg3 43. hxg3 Rc6 44. Nd2 Kf6 45. Nxc4 Kf5 46. Kd3 Rxc4 0-1

[Event "SK Weisse Dame Hamburg-SV Ruedersdorf"]
[Site "Kiel"]
[Date "2019.09.09"]
[Round "6.2"]
[White "Richter, Merlin"]
[Black "Sperling, Niclas"]
[Result "0-1"]
[WhiteElo "1522"]
[BlackElo "1694"]
[Annotator "Rnd./Pair./Board: 06.007.02"]
[PlyCount "38"]
[EventDate "2019.??.??"]
[WhiteTeam "SK Weisse Dame Hamburg"]
[BlackTeam "SV Ruedersdorf"]

1. e4 c5 2. Nf3 g6 3. d4 cxd4 4. Nxd4 Bg7 5. c4 Nc6 6. Nc2 Nf6 7. Nc3 O-O 8. f3
b6 9. Be3 Bb7 10. Qd2 d6 11. Rd1 Nd7 12. Be2 Nc5 13. O-O Ne6 14. b3 Qd7 15. a3
Qc8 16. Bf2 f5 17. Rfe1 Nc5 18. b4 Nb3 19. Qe3 f4 0-1

[Event "SK Weisse Dame Hamburg-SV Ruedersdorf"]
[Site "Kiel"]
[Date "2019.09.09"]
[Round "6.3"]
[White "May, Ben-Iven"]
[Black "Tuerk, Janusch"]
[Result "1-0"]
[WhiteElo "1870"]
[BlackElo "1317"]
[Annotator "Rnd./Pair./Board: 06.007.03"]
[PlyCount "88"]
[EventDate "2019.??.??"]
[WhiteTeam "SV Ruedersdorf"]
[BlackTeam "SK Weisse Dame Hamburg"]

1. e4 e5 2. Nf3 Nc6 3. Bb5 a6 4. Ba4 Nf6 5. O-O b5 6. Bb3 d6 7. c3 Be7 8. Re1
Be6 9. d4 exd4 10. cxd4 d5 11. e5 Ne4 12. Nbd2 Nxd2 13. Bxd2 Bg4 14. Rc1 Nxd4
15. Ba5 Nxb3 16. Qxb3 Rc8 17. Red1 Be6 18. Nd4 O-O 19. Rc6 Qd7 20. Rdc1 Bg5 21.
R1c5 Be7 22. Rc3 Bg5 23. Rxc7 Rxc7 24. Rxc7 Rc8 25. Qc2 Rxc7 26. Bxc7 Bg4 27.
Bd6 Qc8 28. Qxc8+ Bxc8 29. g3 Bc1 30. Nc6 Be6 31. b3 Bb2 32. Bc5 f6 33. Nd8 Bh3
34. e6 d4 35. e7 Bd7 36. f3 g6 37. Kf2 Kg7 38. Nb7 Kf7 39. Nd6+ Kxe7 40. Nc4+
Ke6 41. Nxb2 Kd5 42. Be7 f5 43. Nd3 h5 44. Ke2 b4 1-0

[Event "SK Weisse Dame Hamburg-SV Ruedersdorf"]
[Site "Kiel"]
[Date "2019.09.09"]
[Round "6.4"]
[White "Worthmann Gonzalez, Luka"]
[Black "Petersen, Sophie"]
[Result "1/2-1/2"]
[WhiteElo "1136"]
[BlackElo "1519"]
[Annotator "Rnd./Pair./Board: 06.007.04"]
[PlyCount "109"]
[EventDate "2019.??.??"]
[WhiteTeam "SK Weisse Dame Hamburg"]
[BlackTeam "SV Ruedersdorf"]

1. e4 c5 2. Nf3 d6 3. d4 cxd4 4. Nxd4 Nf6 5. f3 a6 6. c4 e5 7. Nc2 Be7 8. Nc3
O-O 9. Be3 Be6 10. Qd2 Nbd7 11. Rd1 Rc8 12. b3 Qc7 13. Rc1 b5 14. Nd5 Bxd5 15.
cxd5 Qb7 16. Bd3 h6 17. O-O Bd8 18. Kh1 Nh7 19. Nb4 Ba5 20. a3 Nc5 21. Qd1 Bd8
22. Nc6 Nd7 23. f4 Nb8 24. Nxb8 Qxb8 25. fxe5 dxe5 26. Be2 Bg5 27. Bxg5 Nxg5
28. Qd3 Qd6 29. b4 Rc7 30. Bg4 Rd8 31. Rxc7 Qxc7 32. Rd1 Nh7 33. d6 Qb7 34. d7
Nf6 35. Bh3 Qxe4 36. Qxe4 Nxe4 37. Rd5 Nf6 38. Rxe5 Nxd7 39. Rd5 Re8 40. g3 Nb6
41. Rd6 Nc4 42. Rxa6 Re1+ 43. Kg2 Ra1 44. Bd7 Rxa3 45. Bxb5 Ne3+ 46. Kh3 Rb3
47. Ra8+ Kh7 48. Rb8 Nd5 49. Bc4 Rxb4 50. Rxb4 Nxb4 51. Bxf7 g6 52. Kg4 Kg7 53.
Be8 Nd5 54. Bc6 Ne7 55. Be4 1/2-1/2

[Event "Hagener SV-SV Bad Schwartau"]
[Site "Kiel"]
[Date "2019.09.09"]
[Round "6.2"]
[White "Scheidt, Mike Niklas"]
[Black "Elstner, Mirja"]
[Result "1-0"]
[WhiteElo "1686"]
[BlackElo "1243"]
[Annotator "Rnd./Pair./Board: 06.008.02"]
[PlyCount "65"]
[EventDate "2019.??.??"]
[WhiteTeam "Hagener SV"]
[BlackTeam "SV Bad Schwartau"]

1. d4 d6 2. e4 Nf6 3. Nc3 g6 4. Be3 Bg7 5. Qd2 c6 6. f3 b5 7. O-O-O a5 8. g4 a4
9. Kb1 Qa5 10. g5 Nfd7 11. h4 Nb6 12. Bd3 e6 13. h5 d5 14. e5 Nc4 15. Bxc4 dxc4
16. Ne4 Nd7 17. Nd6+ Ke7 18. Qxa5 Rxa5 19. h6 Bxe5 20. dxe5 Nxe5 21. Bc5 Nd7
22. Nxc8+ Kd8 23. Bb6+ Kxc8 24. Bxa5 Nc5 25. Rh2 Nb7 26. Bb6 b4 27. Rhd2 c3 28.
Rd7 cxb2 29. Rc7+ Kb8 30. Rdd7 a3 31. Rxb7+ Kc8 32. Rdc7+ Kd8 33. Rb8# 1-0

[Event "Hagener SV-SV Bad Schwartau"]
[Site "Kiel"]
[Date "2019.09.09"]
[Round "6.3"]
[White "Schwerdtfeger, Hauke"]
[Black "Paqarizi, Endrit"]
[Result "0-1"]
[WhiteElo "1257"]
[BlackElo "1629"]
[Annotator "Rnd./Pair./Board: 06.008.03"]
[PlyCount "52"]
[EventDate "2019.??.??"]
[WhiteTeam "SV Bad Schwartau"]
[BlackTeam "Hagener SV"]

1. e4 c5 2. Nc3 e6 3. d4 cxd4 4. Qxd4 Nc6 5. Qd2 a6 6. Nf3 Qc7 7. Be2 b5 8. a3
Bb7 9. O-O Nf6 10. Bd3 Bd6 11. Qg5 O-O 12. Re1 Ne5 13. Nxe5 Bxe5 14. f4 Bxc3
15. e5 Nd5 16. bxc3 Qxc3 17. Qh4 g6 18. Rb1 Qc5+ 19. Kh1 Bc6 20. Bb2 Rfb8 21.
Rf1 b4 22. axb4 Nxb4 23. Ba3 Qd5 24. Qg3 Nxd3 25. cxd3 Rxb1 26. Rxb1 Qa2 0-1

[Event "Hagener SV-SV Bad Schwartau"]
[Site "Kiel"]
[Date "2019.09.09"]
[Round "6.4"]
[White "Buchloh, Adrian"]
[Black "Deierberg, Simon"]
[Result "1-0"]
[WhiteElo "1622"]
[BlackElo "1074"]
[Annotator "Rnd./Pair./Board: 06.008.04"]
[PlyCount "59"]
[EventDate "2019.??.??"]
[WhiteTeam "Hagener SV"]
[BlackTeam "SV Bad Schwartau"]

1. d4 d5 2. Nc3 Nf6 3. Bf4 Bd7 4. Qd2 e6 5. e3 Be7 6. Bd3 O-O 7. Nf3 c5 8. dxc5
Bxc5 9. O-O Nc6 10. Rad1 d4 11. exd4 Bxd4 12. Nxd4 Nxd4 13. Bxh7+ Kxh7 14. Qxd4
Re8 15. Bg5 Kg8 16. Bxf6 gxf6 17. Qxd7 Qxd7 18. Rxd7 b6 19. Rfd1 f5 20. Rc7 Rf8
21. Rdd7 a5 22. g3 Rad8 23. Re7 Rd2 24. Nb5 Rd1+ 25. Kg2 Kg7 26. Rxe6 a4 27.
Rxb6 Re8 28. Rbb7 Re2 29. Rxf7+ Kg6 30. Nc3 1-0